Ley farming /

Bibliographic Details
Main Author: Stapledon, Reginald George, Sir, 1882-1960
Other Authors: Davies, William, 1899-1968
Format: Book
Language:English
Published: London : Faber and Faber, [1948]
Edition:[Rev. ed.].
Subjects:

MARC

Tag First Indicator Second Indicator Subfields
LEADER 00000cam a2200000 4500
001 in00000044722
005 20151007075111.0
008 800613s1948 enkab b 00010 eng
010 |a  48022551  
035 |a (OCoLC)06415164 
035 |9 AAF2640AM 
040 |a DLC  |c TXA  |d UtOrBLW 
049 |a TXAM  |c [180822] 
050 0 |a SB199  |b .S8 1948 
082 0 |a 630.942 
092 |a 630.942  |b S794e, 1948 
100 1 |a Stapledon, Reginald George,  |c Sir,  |d 1882-1960. 
245 1 0 |a Ley farming /  |c by Sir R. George Stapledon and William Davies. 
250 |a [Rev. ed.]. 
264 1 |a London :  |b Faber and Faber,  |c [1948] 
300 |a xv 182 pages :  |b folded color map, diagram ;  |c 21 cm. 
336 |a text  |b txt  |2 rdacontent 
337 |a unmediated  |b n  |2 rdamedia 
338 |a volume  |b nc  |2 rdacarrier 
504 |a Includes "References." 
650 0 |a Pastures. 
650 0 |a Agriculture  |z Great Britain. 
700 1 |a Davies, William,  |d 1899-1968. 
999 |a MARS 
999 f f |s 6d104bdf-f50d-34ad-a9cb-59dfdcf24724  |i cb5a3f56-4443-3801-aae9-997e6e6fe14b  |t 0 
952 f f |p ric  |a Texas A&M University  |b Rellis Campus  |c Joint Library Facility  |d Remote Storage  |t 0  |e SB199 .S8 1948  |h Library of Congress classification  |i unmediated -- volume  |m A14801057730 
998 f f |a SB199 .S8 1948  |t 0  |l Remote Storage